000 00958nam a2200301 i 4500
999 _c141787
_d141787
001 C2-0345296
003 PPAK
005 20180728145907.0
008 180205s2016 si a|||b ||||| | 1 chi d
020 _a9789810786946
_qpaperback
040 _aPPAK
_beng
_cPPAK
_erda
082 _223
_a495.186
090 _a495.186
_bWUC
_dK
100 1 _aWu, Cheng'en
_eauthor
245 1 0 _aXi you ji :
_bXinjiapo xue sheng du ben /
_cWu Cheng'en
246 1 3 _bXinjiapo xue sheng du ben
250 _aChu ban.
264 1 _aSingapore :
_bLing zi chuan mei si ren you xian gong si ,
_c2016
300 _a193 pages :
_bcolor illustrations ;
_c23 cm
336 _2rdacontent
_atext
337 _2rdamedia
_aunmediated
338 _2rdacarrier
_avolume
490 1 _aSi da ming zhu, Han yu pin yin ban
650 1 0 _aChinese language
_xReaders
_vJuvenile fiction
700 0 _aYeren
_eillustrator
830 0 _aSi da ming zhu, Han yu pin yin ban
942 _cB
_2ddc